| 000 | 00677nam a2200217 a 4500 | ||
|---|---|---|---|
| 005 | 20210223123758.0 | ||
| 008 | 991125n 000 0 spa u | ||
| 035 | _aUPN01000063156 | ||
| 100 | _aZAMORA CORTINA, Luis | ||
| 222 | _aGACETA UNIVERSIDAD VERACRUZANA | ||
| 245 | _aAEXI: un recurso para ayudar a preparar un examen de ingreso a la educación superior | ||
| 300 | _a25-27 | ||
| 362 | _a1998 Nva. época, no. 7, mar. | ||
| 653 | 0 | _aAEXI | |
| 653 | 0 | _aCENTRO NACIONAL DE EVALUACION PARA LA EDUCACION SUPERIOR (MEXICO) | |
| 653 | 0 | _aEXAMEN DE ADMISION | |
| 653 | 0 | _aUV | |
| 700 |
_aChain Revuelta, Ragueb _938357 |
||
| 904 |
_aAC _b000967 |
||
| 905 | _aArticulo | ||
| 999 |
_c62011 _d62011 |
||